Diccionario panhispánico de dudas. (Record no. 27206)
[ view plain ]
| 000 -CABECERA | |
|---|---|
| campo de control de longitud fija | 00809nam a2200241 a 4500 |
| 001 - NÚMERO DE CONTROL | |
| campo de control | 000027714 |
| 003 - IDENTIFICADOR DEL NÚMERO DE CONTROL | |
| campo de control | DO-SdBNP |
| 005 - FECHA Y HORA DE LA ÚLTIMA TRANSACCIÓN | |
| campo de control | 20220518135553.0 |
| 008 - DATOS DE LONGITUD FIJA--INFORMACIÓN GENERAL | |
| campo de control de longitud fija | 110404s2005 sp 000 0 spa d |
| 020 ## - NÚMERO INTERNACIONAL ESTÁNDAR DEL LIBRO | |
| Número Internacional Estándar del Libro | 8429406239 |
| 040 ## - FUENTE DE LA CATALOGACIÓN | |
| Centro catalogador/agencia de origen | DO-SdBNP |
| Lengua de catalogación | spa |
| Centro/agencia transcriptor | BNPHU |
| 082 #4 - NÚMERO DE LA CLASIFICACIÓN DECIMAL DEWEY | |
| Número de clasificación | 468 |
| Número de documento/Ítem | D545p |
| Número de edición | 22 |
| 245 00 - MENCIÓN DE TÍTULO | |
| Título | Diccionario panhispánico de dudas. |
| 260 ## - PUBLICACIÓN, DISTRIBUCIÓN, ETC. | |
| Lugar de publicación, distribución, etc. | Madrid : |
| Nombre del editor, distribuidor, etc. | Real Academia Española, |
| -- | Asociación de Academias de Lengua Española, |
| Fecha de publicación, distribución, etc. | 2005. |
| 300 ## - DESCRIPCIÓN FÍSICA | |
| Extensión | xxxv, 842 p. ; |
| Dimensiones | 24 cm. |
| 504 ## - NOTA DE BIBLIOGRAFÍA, ETC. | |
| Nota de bibliografía, etc. | Bibliografía : p. 771-828. |
| 590 ## - NOTA LOCAL (RLIN) | |
| Nota local | Inventariado, 2022/BT |
| 650 #4 - PUNTO DE ACCESO ADICIONAL DE MATERIA--TÉRMINO DE MATERIA | |
| Término de materia o nombre geográfico como elemento de entrada | Español |
| Subdivisión general | Errores de uso |
| Subdivisión de forma | Diccionarios |
| 9 (RLIN) | 81635 |
| 710 2# - PUNTO DE ACCESO ADICIONAL--NOMBRE DE ENTIDAD CORPORATIVA | |
| Nombre de entidad corporativa o nombre de jurisdicción como elemento de entrada | Real Academia Española |
| 9 (RLIN) | 53734 |
| 710 2# - PUNTO DE ACCESO ADICIONAL--NOMBRE DE ENTIDAD CORPORATIVA | |
| Nombre de entidad corporativa o nombre de jurisdicción como elemento de entrada | Asociación de Academias de la Lengua Española. |
| 9 (RLIN) | 54790 |
| 910 ## - DATOS DE OPCIÓN DEL USUARIO (OCLC) | |
| Datos de opción del usuario | Validado. Control de calidad MFF |
| 942 ## - ELEMENTOS DE PUNTO DE ACCESO ADICIONAL (KOHA) | |
| Fuente del sistema de clasificación o colocación | Dewey Decimal Classification |
| Tipo de ítem Koha | Libro |
| Estado de retiro | Estado de pérdida | Fuente del sistema de clasificación o colocación | Restricciones de uso | No para préstamo | Código de colección | Localización permanente | Ubicación/localización actual | Ubicación en estantería | Fecha de adquisición | Fuente de adquisición | Signatura topográfica completa | Código de barras | Fecha visto por última vez | Precio válido a partir de | Tipo de ítem Koha | Número de copia |
|---|---|---|---|---|---|---|---|---|---|---|---|---|---|---|---|---|
| Dewey Decimal Classification | Préstamo restringido | Dominicana en Servicio Referencia | Biblioteca Nacional Pedro Henríquez Ureña | Biblioteca Nacional Pedro Henríquez Ureña | Depósito | 04.04.2011 | Compra | BNPHU R-PD 468 D545p | 27714-10 | 25.06.2020 | 25.06.2020 | Libro | ||||
| Dewey Decimal Classification | Préstamo restringido | Dominicana en Servicio Referencia | Biblioteca Nacional Pedro Henríquez Ureña | Biblioteca Nacional Pedro Henríquez Ureña | Depósito | 17.05.2022 | Compra | BNPHU R-PD 468 D545p | 2022-2164 | 17.05.2022 | 17.05.2022 | Libro | e.2 | |||
| Dewey Decimal Classification | Préstamo en sala | Dominicana en Servicio Referencia | Biblioteca Nacional Pedro Henríquez Ureña | Biblioteca Nacional Pedro Henríquez Ureña | Depósito | 17.05.2022 | Compra | BNPHU R-DS 468 D545p | 2022-2165 | 17.05.2022 | 17.05.2022 | Libro | e.3 | |||
| Dewey Decimal Classification | Préstamo en sala | Dominicana en Servicio Referencia | Biblioteca Nacional Pedro Henríquez Ureña | Biblioteca Nacional Pedro Henríquez Ureña | Depósito | 17.05.2022 | Donación | BNPHU R-DS 468 D545p | 2022-2166 | 17.05.2022 | 17.05.2022 | Libro | e.4 | |||
| Dewey Decimal Classification | Préstamo en sala | Dominicana en Servicio Referencia | Biblioteca Nacional Pedro Henríquez Ureña | Biblioteca Nacional Pedro Henríquez Ureña | Depósito | 17.05.2022 | Donación | BNPHU R-DS 468 D545p | 2022-2167 | 17.05.2022 | 17.05.2022 | Libro | e.5 |
